Großstädte der DDR 1988 - Statistiken

Allgemein
  • Dieses Quiz wurde 4.656 mal gespielt
  • Das Durchschnittsergebnis liegt bei 12 aus 15
Antwortstatistiken
Einwohner Stadt % Korrekt
1.284.535 Berlin
100%
518.057 Dresden
97%
545.307 Leipzig
96%
290.579 Magdeburg
87%
253.990 Rostock
87%
142.862 Potsdam
86%
311.765 Karl-Marx-Stadt
85%
220.016 Erfurt
83%
130.685 Schwerin
78%
108.010 Jena
77%
329.490 Halle
75%
128.639 Cottbus
72%
134.834 Gera
58%
121.749 Zwickau
56%
103.867 Dessau
33%
Keine übereinstimmenden Quizze gefunden
Verteilung der Resultate
Anzahl Personen mit jedem Resultat
Perzentil nach korrekt beantworteten Fragen
Ihre Resultats-Entwicklung
Sie haben dieses Quiz noch nicht gespielt